| 000 | 03522nam2a22003971 4500 | ||
|---|---|---|---|
| 001 | rc\14629 | ||
| 005 | 20250620120917.0 | ||
| 010 |
_a5-7082-0008-1 _9100000 |
||
| 035 | _a(NLR Aleph) 005310113 | ||
| 090 |
_a6377228 _c6377228 |
||
| 100 | _a20021204d1991 |||y0rusy50 ca | ||
| 101 | 0 | _arus | |
| 102 | _aRU | ||
| 105 | _aa ||||||||| | ||
| 200 | 1 | _aХорас Уолпол, Мэри Шелли, Алексей Константинович Толстой, Эдгар Аллан По, Николай Васильевич Гоголь | |
| 210 |
_dБ. г. (1991) _aБ. м. |
||
| 215 |
_a367, [1] с. _cил. |
||
| 327 | 1 | _aСодерж.: Замок Отранто / Х. Уолпол. Франкенштейн, или Современный Прометей / М. Шелли. Упырь; Встреча через триста лет; Семья вурдалака / А.К. Толстой. Падение дома Ашеров; Метценгерштейн; Лигейя; Правда о том, что случилось с мистером Вальдемаром / Э.А. По. Страшная месть; Вий / Н.В. Гоголь | |
| 461 | 0 |
_1001rc\14628 _12001#$aАнтология ужасов$e[В 4 т.$fСост. и отв. ред. А.Г. Лавлинский$gАвт. вступ. ст. В.Л. Голман$gХудож. А.В. Коротич]$v[Т.] 1 _96377222 _cБ. м. _dБ. г. _fСост. и отв. ред. А.Г. Лавлинский _nСев.-Кавк. информ.-рекл. агентство _o[В 4 т. _tАнтология ужасов _v[Т.] 1 |
|
| 464 | 0 |
_12001#$aЗамок Отранто _1700#1$aУолпол$bХ. _tЗамок Отранто _aУолпол, Х. |
|
| 464 | 0 |
_12001#$aФранкенштейн, или Современный Прометей _1700#1$aШелли$bМ.$f1797-1851$gМэри$3RU\NLR\AUTH\7732351 _tФранкенштейн, или Современный Прометей _aШелли, Мэри (1797-1851) |
|
| 464 | 0 |
_12001#$aУпырь _1700#1$aТолстой$bА.К. _tУпырь _aТолстой, А.К. |
|
| 464 | 0 |
_12001#$aВстреча через триста лет _1700#1$aТолстой$bА.К. _tВстреча через триста лет _aТолстой, А.К. |
|
| 464 | 0 |
_12001#$aСемья вурдалака _1700#1$aТолстой$bА.К. _tСемья вурдалака _aТолстой, А.К. |
|
| 464 | 0 |
_12001#$aПадение дома Ашеров _1700#1$aПо$bЭ.А. _tПадение дома Ашеров _aПо, Э.А. |
|
| 464 | 0 |
_12001#$aМетценгерштейн _1700#1$aПо$bЭ.А. _tМетценгерштейн _aПо, Э.А. |
|
| 464 | 0 |
_12001#$aЛигейя _1700#1$aПо$bЭ.А. _tЛигейя _aПо, Э.А. |
|
| 464 | 0 |
_12001#$aПравда о том, что случилось с мистером Вальдемаром _1700#1$aПо$bЭ.А. _tПравда о том, что случилось с мистером Вальдемаром _aПо, Э.А. |
|
| 464 | 0 |
_12001#$aСтрашная месть _1700#1$aГоголь$bН.В.$f1809-1852$gНиколай Васильевич$3RU\NLR\AUTH\773480 _tСтрашная месть _aГоголь, Николай Васильевич (1809-1852) |
|
| 464 | 0 |
_12001#$aВий _1700#1$aГоголь$bН.В.$f1809-1852$gНиколай Васильевич$3RU\NLR\AUTH\773480 _tВий _aГоголь, Николай Васильевич (1809-1852) |
|
| 801 | 0 |
_aRU _bNLR _gpsbo |
|
| 801 | 1 |
_aRU _bELAR _2rusmarc |
|
| 852 |
_aNLR _j91-5/4490 |
||
| 942 | _cBOOK | ||
| 980 | _aNB | ||